000 00535nam a2200181Ia 4500
003 GCL
008 140319s9999 xx 000 0 ara d
040 _aGCL /
_cGCL
082 0 4 _a928.181
_bم خ
100 1 _aيوسف عزالدين
245 1 0 _aخيرى الهنداوى?: حياته وشعره /
_cيوسف عزالدين
260 _a[S.N] :
_bمعهد الدراسات العربية العالية ،
_c1964
300 _a344 ص
490 _a
650 0 4 _aالتراجم
650 0 4 _aالادباء
942 _2ddc
_cBK
999 _c54192
_d54192